|
|
|
|
| LEADER |
01042nam a2200277 a 4500 |
| 001 |
13905227 |
| 008 |
111024s2005 njua b 001 0 eng |
| 010 |
|
|
|a 2005007943
|
| 020 |
|
|
|a 8131700054
|
| 020 |
|
|
|a 0201433079 (hardcover : alk. paper)
|
| 040 |
|
|
|a DLC
|c DLC
|d DLC
|d BD-DhAAL
|
| 042 |
|
|
|a pcc
|
| 082 |
0 |
0 |
|a 005.4/32
|2 22
|
| 100 |
1 |
|
|a Stevens, W. Richard.
|
| 245 |
1 |
0 |
|a Advanced programming in the Unix environment /
|c W. Richard Stevens, Stephen A. Rago.
|
| 250 |
|
|
|a 2nd ed.
|
| 260 |
|
|
|a Upper Saddle River, NJ. :
|b Addison-Wesley ;
|a New Delhi :
|b Pearson,
|c 2005.
|
| 300 |
|
|
|a xxviii, 927 p. :
|b ill. ;
|c 24 cm.
|
| 504 |
|
|
|a Includes bibliographical references and index.
|
| 541 |
|
|
|e 00015474
|
| 650 |
|
0 |
|a Operating systems (Computers)
|
| 630 |
0 |
0 |
|a UNIX (Computer file)
|
| 700 |
1 |
|
|a Rago, Stephen A.
|
| 852 |
1 |
|
|a Ayesha Abed Library
|c General shelf.
|
| 999 |
|
|
|c 11357
|d 11357
|
| 952 |
|
|
|0 0
|1 0
|2 ddc
|4 0
|6 005_432000000000000_STE
|7 0
|9 18458
|a BRACUL
|b BRACUL
|c GEN
|d 2011-10-26
|l 0
|o 005.432 STE
|p 3010015474
|r 2011-10-26
|t 1
|w 2011-10-26
|y BK
|